00434pab a2200157 454500008004000000100002300040245004400063260000900107300001400116362001200130650003300142650002500175700002300200700002000223773003300243180718b2003 xxu||||| |||| 00| 0 eng d aGreen, Christopher aCorporate financial structures in India c2003 ap.243-73. aJul-Dec aCorporate governance - India aCorporate governance aSuppakitjarak, Joy aMurinde, Victor aSouth Asian Economic Journal